| 000 | 00593nam a2200169Ia 4500 | ||
|---|---|---|---|
| 008 | 090711s9999 xx 000 0 und d | ||
| 082 | _b90609 | ||
| 100 | _aअली सलिम / फतेहअली लईक | ||
| 245 | _aभारतीय पक्षी | ||
| 300 | _a112 | ||
| 600 | _aअली सलिम / फतेहअली लईक | ||
| 630 | _aभारतीय पक्षी | ||
| 700 | _aसोवनी रा. वि. | ||
| 700 | _aअली सलिम / फतेहअली लईक | ||
| 730 | _aभारतीय पक्षी | ||
| 942 | _cBOOK | ||
| 999 |
_c296419 _d296419 |
||